000 01750nam0a2200361 4500
001 RU\NLR\bibl\34913
005 20260407043012.0
010 _a5-88516-035-X
_91500
021 _aRU
_b99-18034
_9873
035 _a(NLR Aleph) 000034021
090 _a172885
_c172885
100 _a19990624d1999 |||y0rusy50 ca
101 0 _arus
102 _aRU
105 _aa |||||||||
200 1 _aЗащита прав ребенка
_eСоциал. и юрид. аспекты
_f[Зыков О.В., Артемчук А.Д., Баушева И.Л. и др.
_gРедкол.: Балашов Е.Б. и др.]
_gРос. благотворит. фонд "Нет алкоголизму и наркомании" (фонд НАН), Моск. гор. центр "Дети улиц"
210 _aМ.
_cРос. благотворит. фонд "НАН"
_d1999
215 _a117 с.
_cсхем.
_d21
320 _aБиблиогр.: с. 116-117
606 0 _aПрава ребенка
_xЗащита
_yРоссийская Федерация
_92082382
_3RU\NLR\auth\661258405
606 0 _aПрава ребенка
_xЗащита
_yФранция
_92095878
_3RU\NLR\auth\661268106
686 _aХ629.218.3
686 _aХ839(4Фр)742
701 1 _aЗыков
_bО. В.
_gОлег Владимирович
_4070
701 1 _aАртемчук
_bА. Д.
_4070
702 1 _aБалашов
_bЕ. Б.
_4340
712 0 2 _4570
_a"Нет алкоголизму и наркомании", российский благотворительный фонд
_3RU\NLR\AUTH\8810015353
_9528565
801 0 _aRU
_bNLR
_c19990624
_gPSBO
801 1 _aRU
_bNLR
_c19990624
852 _aNLR
_j99-3/6105
942 _cBOOK
980 _aNB